000 005730000a22002410004500
650 _aDemocracy
650 _aConstitution
650 _aMonarchy
650 _aPolitical parties
015 _aNNB
082 _aN321.4
_bA458p
_cN
518 _a20050921
530 _aM
100 _aAcharya, Nilambar
245 _aPrajatantrama sankraman dvandha avarodh ra apthyaraharu
020 _a99933-673-8-9
260 _aKathmandu
_bBhrikuti Akedemik Pablikesans
260 _c2061 B.S.
300 _a616p.
041 _aNep
365 _aRs.1495.00
942 _cGEN
999 _c34793
_d34793